| 000 | 00537nam a22001817a 4500 | ||
|---|---|---|---|
| 999 |
_c525088 _d525088 |
||
| 003 | NUST | ||
| 038 | _aFaiza | ||
| 082 |
_a891.491101 _bANJ |
||
| 100 |
_aAnjum, Muhammad Shareef _915871 |
||
| 245 |
_aHira da Chanan / _cMuhammad Shareef Anjum |
||
| 260 |
_aLahore : _bAbu Bakar Qudsi, _c2000. |
||
| 300 | _a262 p. ; | ||
| 500 | _aHardcover. | ||
| 880 |
_6100-01\r _aمحمد شریف انجم |
||
| 880 |
_6245-02\r _aحِرا دا چانَن / |
||
| 880 |
_6260-03\r _aلاہور : _bابوبکرقدسی, _c۲۰۰۰. |
||
| 942 |
_2ddc _cBK |
||